Widok standardowy
Widok MARC
Pozycja Gatunek/forma
Liczba rekordów, w których użyto hasła: 3402
001 - NUMER KONTROLNY
- pole kontrolne: 17
003 - IDENTYFIKATOR NUMERU KONTROLNEGO
- pole kontrolne: BPK
005 - DATA I GODZINA OSTATNIEJ MODYFIKACJI
- pole kontrolne: 20191002090710.0
008 - ELEMENTY DANYCH STAŁEJ DŁUGOŚCI
- pole kontrolne stałej długości: 130207|| aca||aabn | a|a d
040 ## - ŹRÓDŁO OPISU
- Instytucja, która jako pierwsza sporządziła opis: BPK
- Instytucja, która utworzyła rekord: BPK
155 ## - DESKRYPTOR RODZAJU/GATUNKU
- Deskryptor rodzaju/gatunku: Podręcznik
670 ## - ŹRÓDŁO, W KTÓRYM ZNALEZIONO DANE
- Źródło, w którym znaleziono dane: Work cat.: (BPK)36817: Saliŝev, Konstantin Alekseevič 15, Kartografia ogólna, 1998.

